Mushirul Hasan: (Record no. 183555)
[ view plain ]
| 000 -LEADER | |
|---|---|
| fixed length control field | 00625nam a22001937a 4500 |
| 005 - DATE AND TIME OF LATEST TRANSACTION | |
| control field | 20211228144605.0 |
| 010 ## - LCCN (DPL NO) | |
| LC control number | ENG-130716 |
| 020 ## - INTERNATIONAL STANDARD BOOK NUMBER | |
| International Standard Book Number | 978-81-944287-7-0 |
| Terms of availability | 250.00 |
| 035 ## - SYSTEM CONTROL NUMBER | |
| System control number | EN-114248 |
| 037 ## - SOURCE OF ACQUISITION | |
| Source of stock number/acquisition | DBAD |
| 082 ## - DEWEY DECIMAL CLASSIFICATION NUMBER | |
| Edition number | 954 |
| 245 ## - TITLE STATEMENT | |
| Title | Mushirul Hasan: |
| Remainder of title | An Intellectual And Institutional Journey/ |
| Statement of responsibility, etc | Edited by Hari S. Vasudevan & Suranjan Das |
| 260 ## - PUBLICATION, DISTRIBUTION, ETC. (IMPRINT) | |
| Place of publication, distribution, etc | Delhi |
| Name of publisher, distributor, etc | PRIMUS BOOKS |
| Date of publication, distribution, etc | 2020 |
| 270 ## - ADDRESS | |
| Address | Virat Bhavan, Mukherjee Nagar Commercial Complex |
| City | Delhi |
| Postal code | 110009 |
| 300 ## - PHYSICAL DESCRIPTION | |
| Extent | vii-xi,196p |
| Dimensions | 23 cm(pbk) |
| 700 ## - ADDED ENTRY--PERSONAL NAME | |
| Personal name | Vasudevan, Hari S. |
| 700 ## - ADDED ENTRY--PERSONAL NAME | |
| Personal name | Das, Suranjan |
| 942 ## - ADDED ENTRY ELEMENTS (KOHA) | |
| Source of classification or shelving scheme | Dewey Decimal Classification |
| Item type | English Books |
| Classification part | 954 |
| Call number suffix | MUS |
| Withdrawn status | Lost status | Not for loan | Collection code | Home library | Current library | Date acquired | Source of acquisition | Cost, normal purchase price | Full call number | Barcode | Copy number | Cost, replacement price | Koha item type |
|---|---|---|---|---|---|---|---|---|---|---|---|---|---|
| Non-fiction | Mobile Library | Mobile Library | 28/12/2021 | DBAD/PUB | 250.00 | 954 MUS | EN-114248 | 1 | 250.00 | English Books |
